<?xml version="1.0" encoding="UTF-8"?>
<record
    xmlns:xsi="http://www.w3.org/2001/XMLSchema-instance"
    xsi:schemaLocation="http://www.loc.gov/MARC21/slim http://www.loc.gov/standards/marcxml/schema/MARC21slim.xsd"
    xmlns="http://www.loc.gov/MARC21/slim">

  <leader>03281nam a2200529Ia 4500</leader>
  <controlfield tag="001">138</controlfield>
  <controlfield tag="008">241029s9999    xx            000 0 und d</controlfield>
  <datafield tag="010" ind1=" " ind2=" ">
    <subfield code="a">118</subfield>
  </datafield>
  <datafield tag="041" ind1=" " ind2=" ">
    <subfield code="a">Espa&#xF1;ol</subfield>
  </datafield>
  <datafield tag="082" ind1=" " ind2=" ">
    <subfield code="a">NO APLICA</subfield>
  </datafield>
  <datafield tag="245" ind1=" " ind2="0">
    <subfield code="a">Ense&#xF1;anza del eje transversal, cultura dominicana, identidad y diversidad en el &#xE1;rea de Ciencias Sociales en el Nivel Medio, en los centros educativos p&#xFA;blicos del Municipio de Juan de Herrera. Per&#xED;odo escolar 2011-2012.</subfield>
  </datafield>
  <datafield tag="260" ind1=" " ind2=" ">
    <subfield code="a">San Juan</subfield>
  </datafield>
  <datafield tag="300" ind1=" " ind2=" ">
    <subfield code="a">87</subfield>
  </datafield>
  <datafield tag="520" ind1=" " ind2=" ">
    <subfield code="a">15</subfield>
  </datafield>
  <datafield tag="630" ind1=" " ind2=" ">
    <subfield code="a">Educaci&#xF3;n P&#xFA;blica</subfield>
  </datafield>
  <datafield tag="630" ind1=" " ind2=" ">
    <subfield code="a">Ense&#xF1;anza</subfield>
  </datafield>
  <datafield tag="650" ind1=" " ind2=" ">
    <subfield code="a">Ejes Transversales (Cultura Dominicana: Identidad y Diversidad)</subfield>
  </datafield>
  <datafield tag="690" ind1=" " ind2=" ">
    <subfield code="a">Elaborado</subfield>
  </datafield>
  <datafield tag="700" ind1=" " ind2=" ">
    <subfield code="e">asesor</subfield>
    <subfield code="a">Cabrera, Argentina</subfield>
  </datafield>
  <datafield tag="700" ind1=" " ind2=" ">
    <subfield code="e">autor</subfield>
    <subfield code="a">B&#xE1;ez Zabala, Rufina </subfield>
  </datafield>
  <datafield tag="901" ind1=" " ind2=" ">
    <subfield code="a">{"1":"B&#xE1;ez Zabala"}</subfield>
    <subfield code="b">{"1":"Rufina "}</subfield>
  </datafield>
  <datafield tag="902" ind1=" " ind2=" ">
    <subfield code="a">1</subfield>
  </datafield>
  <datafield tag="903" ind1=" " ind2=" ">
    <subfield code="a">{"1":"Cabrera"}</subfield>
    <subfield code="b">{"1":"Argentina"}</subfield>
  </datafield>
  <datafield tag="904" ind1=" " ind2=" ">
    <subfield code="a">Maestr&#xED;a en</subfield>
  </datafield>
  <datafield tag="905" ind1=" " ind2=" ">
    <subfield code="a">Ciencias Sociales</subfield>
  </datafield>
  <datafield tag="906" ind1=" " ind2=" ">
    <subfield code="a">1</subfield>
  </datafield>
  <datafield tag="907" ind1=" " ind2=" ">
    <subfield code="a">Orientada en</subfield>
  </datafield>
  <datafield tag="908" ind1=" " ind2=" ">
    <subfield code="a">Investigaci&#xF3;n y Ense&#xF1;anza</subfield>
  </datafield>
  <datafield tag="909" ind1=" " ind2=" ">
    <subfield code="a">ISFODOSU, Recinto Urania Mont&#xE1;s</subfield>
  </datafield>
  <datafield tag="910" ind1=" " ind2=" ">
    <subfield code="a">NULL</subfield>
    <subfield code="b">NULL</subfield>
  </datafield>
  <datafield tag="911" ind1=" " ind2=" ">
    <subfield code="a">["1"]</subfield>
  </datafield>
  <datafield tag="912" ind1=" " ind2=" ">
    <subfield code="a">NO APLICA</subfield>
  </datafield>
  <datafield tag="913" ind1=" " ind2=" ">
    <subfield code="a">NULL</subfield>
  </datafield>
  <datafield tag="914" ind1=" " ind2=" ">
    <subfield code="a">09 de Junio de 2012</subfield>
  </datafield>
  <datafield tag="915" ind1=" " ind2=" ">
    <subfield code="a">19/12/19 12:12</subfield>
  </datafield>
  <datafield tag="916" ind1=" " ind2=" ">
    <subfield code="a">NULL</subfield>
  </datafield>
  <datafield tag="917" ind1=" " ind2=" ">
    <subfield code="a">NULL</subfield>
  </datafield>
  <datafield tag="918" ind1=" " ind2=" ">
    <subfield code="a">NO APLICA</subfield>
  </datafield>
  <datafield tag="919" ind1=" " ind2=" ">
    <subfield code="a">["81","202"]</subfield>
  </datafield>
  <datafield tag="520" ind1=" " ind2=" ">
    <subfield code="a">El objetivo general de este estudio fue analizar la ense&#xF1;anza del eje transversal, cultura Dominicana, identidad y diversidad en el &#xE1;rea de Ciencias Sociales en el Nivel Medio, en los centros educativos p&#xFA;blicos del Municipio de Juan de Herrera, durante el per&#xED;odo escolar 2011-2012. Como espec&#xED;ficos est&#xE1;n: identificar las estrategias que implementan los docentes para integrar el eje transversal, cultura Dominicana, identidad y diversidad en el desarrollo de los ejes tem&#xE1;ticos en los centros educativos. As&#xED; como determinar de qu&#xE9; forma se involucra el docente,&#xA0;en actividades culturales, patri&#xF3;ticas y c&#xED;vicas, entre otros.Es un tipo de investigaci&#xF3;n cuantitativa-descriptiva, en la que se utiliz&#xF3; el cuestionario como instrumento para la recolecci&#xF3;n de las informaciones. El an&#xE1;lisis realizado indic&#xF3; que el manejo de las estrategias docentes planteadas por el curr&#xED;culo refleja cierto grado de debilidad, en tanto que la mayor&#xED;a de &#xE9;stas no son reconocidas por un gran n&#xFA;mero de estudiantes, a pesar de que los docentes dicen aplicarla. En las actividades de integraci&#xF3;n en fiestas patronales, religiosas y conferencias con tem&#xE1;ticas culturales, los estudiantes detectaron m&#xE1;s debilidad en la incorporaci&#xF3;n de los docentes.El estudio propone a los docentes del &#xE1;rea de Ciencias Sociales, reforzar la incorporaci&#xF3;n en los procesos pedag&#xF3;gicos el uso de d&#xE9;cimas, canciones, an&#xE9;cdotas y leyendas como elementos de identidad cultural. Adem&#xE1;s, reforzar la comprensi&#xF3;n y valoraci&#xF3;n de su cultura local y su identidad cultural, mediante el uso de elementos propios de la cultura popular y privilegiar en la planificaci&#xF3;n la inclusi&#xF3;n de las estrategias docentes sugeridas en el curr&#xED;culo para el abordaje del eje transversal Cultura Dominicana: Identidad y Diversidad.</subfield>
  </datafield>
  <datafield tag="921" ind1=" " ind2=" ">
    <subfield code="a">24</subfield>
  </datafield>
  <datafield tag="922" ind1=" " ind2=" ">
    <subfield code="a">24</subfield>
  </datafield>
  <datafield tag="923" ind1=" " ind2=" ">
    <subfield code="a">0</subfield>
  </datafield>
  <datafield tag="924" ind1=" " ind2=" ">
    <subfield code="a">NO APLICA</subfield>
  </datafield>
  <datafield tag="942" ind1=" " ind2=" ">
    <subfield code="c">Tesis</subfield>
  </datafield>
  <datafield tag="999" ind1=" " ind2=" ">
    <subfield code="c">118</subfield>
    <subfield code="d">118</subfield>
  </datafield>
</record>
